[Event "Miguel Najdorf Memorial"]
[Site "Buenos Aires"]
[Date "2001.09.04"]
[Round "1"]
[White "Short, Nigel"]
[Black "Korchnoi, Viktor"]
[Result "1/2-1/2"]
[WhiteElo "2670"]
[BlackElo "2617"]
[PlyCount "30"]
[EventDate "2001.09.04"]
[SourceDate "2001.09.03"]

1. e4 e6 2. d4 d5 3. Nc3 Nf6 4. Bg5 dxe4 5. Nxe4 Nbd7 6. Nxf6+ Nxf6 7. c3 h6 8.
Bh4 c5 9. Qf3 Be7 10. Bb5+ Nd7 11. Bxe7 Qxe7 12. Ne2 O-O 13. O-O Nf6 14. Rfe1
Rd8 15. Rad1 Bd7 1/2-1/2

[Event "Miguel Najdorf Memorial"]
[Site "Buenos Aires"]
[Date "2001.09.05"]
[Round "2"]
[White "Korchnoi, Viktor"]
[Black "Felgaer, Ruben"]
[Result "1-0"]
[WhiteElo "2617"]
[BlackElo "2471"]
[PlyCount "71"]
[EventDate "2001.09.04"]
[SourceDate "2001.09.03"]

1. d4 Nf6 2. c4 c5 3. d5 b5 4. Nf3 g6 5. cxb5 a6 6. Qc2 d6 7. e4 Bg7 8. Nc3 O-O
9. a4 axb5 10. Bxb5 Na6 11. O-O Nb4 12. Qe2 Ne8 13. h3 Nc7 14. Bg5 h6 15. Bd2
Nc2 16. Rac1 Nd4 17. Nxd4 cxd4 18. Nb1 Nxb5 19. axb5 Bd7 20. Qd3 Qb6 21. Na3
Rfb8 22. Rc4 Qd8 23. Rb4 Rb6 24. Nc2 Kh7 25. Nxd4 Bxd4 26. Qxd4 Rxb5 27. Rxb5
Bxb5 28. Qe3 Qf8 29. Rc1 Rb8 30. Rc7 Ba6 31. Ra7 Bc4 32. Qd4 Bb3 33. Bc3 Rc8
34. f4 Bc2 35. e5 Rd8 36. exd6 1-0

[Event "Miguel Najdorf Memorial"]
[Site "Buenos Aires"]
[Date "2001.09.06"]
[Round "3"]
[White "Felgaer, Ruben"]
[Black "Karpov, Anatoly"]
[Result "1/2-1/2"]
[WhiteElo "2471"]
[BlackElo "2692"]
[PlyCount "77"]
[EventDate "2001.09.04"]
[SourceDate "2001.09.03"]

1. e4 c6 2. d4 d5 3. Nc3 dxe4 4. Nxe4 Nd7 5. Nf3 Ngf6 6. Nxf6+ Nxf6 7. c3 Bg4
8. h3 Bxf3 9. Qxf3 Qd5 10. Be2 e6 11. O-O Qxf3 12. Bxf3 Bd6 13. Re1 Nd5 14. Bd2
Bf4 15. Be3 Nxe3 16. fxe3 Bg3 17. Rf1 a5 18. a4 Bd6 19. Rfb1 Kd7 20. b4 axb4
21. cxb4 Rhb8 22. a5 Ra7 23. b5 cxb5 24. Rxb5 Bc7 25. Rab1 Kd6 26. Bxb7 Bxa5
27. Ra1 Raxb7 28. Rxb7 Rxb7 29. Rxa5 Ke7 30. Kf2 Kf6 31. Kf3 g5 32. h4 h6 33.
hxg5+ hxg5 34. Ra2 Kg6 35. Ra6 Rb5 36. Rc6 Rf5+ 37. Kg3 Rd5 38. Kf3 Rd7 39. Ra6
1/2-1/2

[Event "Miguel Najdorf Memorial"]
[Site "Buenos Aires"]
[Date "2001.09.07"]
[Round "4"]
[White "Ricardi, Pablo"]
[Black "Milos, Gilberto"]
[Result "1-0"]
[WhiteElo "2545"]
[BlackElo "2614"]
[PlyCount "55"]
[EventDate "2001.09.04"]
[SourceDate "2001.09.03"]

1. e4 e5 2. Nf3 Nc6 3. Bb5 a6 4. Ba4 Nf6 5. O-O Bc5 6. c3 b5 7. Bc2 d6 8. d4
Bb6 9. a4 Bg4 10. axb5 axb5 11. Rxa8 Qxa8 12. h3 Bh5 13. d5 Na7 14. Na3 c6 15.
Bg5 Bd8 16. dxc6 Qxc6 17. Bxf6 Bxf3 18. Qxf3 Bxf6 19. Bb3 O-O 20. Nc2 Nc8 21.
Nb4 Qb7 22. Ra1 Bd8 23. Bd5 Qc7 24. Nc6 Kh8 25. Ra8 f5 26. Nxd8 Rxd8 27. Qxf5
Nb6 28. Qf8+ 1-0

[Event "Miguel Najdorf Memorial"]
[Site "Buenos Aires"]
[Date "2001.09.08"]
[Round "5"]
[White "Short, Nigel"]
[Black "Ricardi, Pablo"]
[Result "1/2-1/2"]
[WhiteElo "2670"]
[BlackElo "2545"]
[PlyCount "53"]
[EventDate "2001.09.04"]
[SourceDate "2001.09.03"]

1. e4 c5 2. Nf3 d6 3. d4 cxd4 4. Nxd4 Nf6 5. Nc3 a6 6. Be2 e5 7. Nb3 Be7 8. g4
h6 9. f4 b5 10. g5 Nfd7 11. h4 exf4 12. Bxf4 hxg5 13. Bxd6 Nb6 14. Bxe7 Qxd1+
15. Rxd1 Kxe7 16. Rg1 gxh4 17. Rxg7 Nc6 18. Nd5+ Nxd5 19. exd5 Ne5 20. d6+ Kf6
21. Rg2 h3 22. Rh2 Bg4 23. Bxg4 Nxg4 24. Rh1 h2 25. d7 Rad8 26. Nc5 Rh5 27. b4
1/2-1/2

[Event "Miguel Najdorf Memorial"]
[Site "Buenos Aires"]
[Date "2001.09.09"]
[Round "6"]
[White "Xie, Jun"]
[Black "Karpov, Anatoly"]
[Result "1/2-1/2"]
[WhiteElo "2553"]
[BlackElo "2692"]
[PlyCount "83"]
[EventDate "2001.09.04"]
[SourceDate "2001.09.03"]

1. e4 e5 2. Nf3 Nf6 3. d4 Nxe4 4. Bd3 d5 5. Nxe5 Nd7 6. Nxd7 Bxd7 7. O-O Bd6 8.
Qh5 c6 9. Re1 O-O 10. Bxe4 dxe4 11. Rxe4 Re8 12. Rxe8+ Qxe8 13. Be3 Qe4 14. Qd1
Bg4 15. Qc1 Bf5 16. c4 Qh4 17. g3 Qh5 18. Nd2 Bb4 19. Qd1 Bg4 20. Qb3 Bxd2 21.
Bxd2 b5 22. cxb5 Be6 23. Qd1 Qxb5 24. Bc3 Qf5 25. Qe2 h5 26. Qe5 Qg6 27. Re1
Bd5 28. Qf4 f6 29. a4 Re8 30. Rxe8+ Qxe8 31. Qe3 Qg6 32. f3 Qf5 33. Kf2 Kh7 34.
a5 Qh3 35. Qd3+ Kg8 36. Kg1 Kf7 37. Be1 Qe6 38. Bb4 Kg8 39. Bd2 Kf7 40. Bb4 Qh3
41. Qe2 Qf5 42. Kf2 1/2-1/2

[Event "Miguel Najdorf Memorial"]
[Site "Buenos Aires"]
[Date "2001.09.09"]
[Round "6"]
[White "Ricardi, Pablo"]
[Black "Felgaer, Ruben"]
[Result "1/2-1/2"]
[WhiteElo "2545"]
[BlackElo "2471"]
[PlyCount "128"]
[EventDate "2001.09.04"]
[SourceDate "2001.09.03"]

1. e4 c5 2. Nf3 Nc6 3. d4 cxd4 4. Nxd4 g6 5. c4 Bg7 6. Be3 Nf6 7. Nc3 O-O 8.
Be2 d6 9. O-O Bd7 10. Qd2 Nxd4 11. Bxd4 Bc6 12. f3 a5 13. b3 Nd7 14. Be3 Nc5
15. Rac1 Qb6 16. Nd5 Bxd5 17. cxd5 Qb4 18. Rfd1 Rfc8 19. Rc4 Qxd2 20. Rxd2 b5
21. Rxc5 dxc5 22. Bxb5 a4 23. bxa4 f5 24. exf5 gxf5 25. Kf2 c4 26. Rc2 c3 27.
Ke2 Rd8 28. Bb6 Rxd5 29. Bc4 e6 30. Bxd5 exd5 31. a5 Kf7 32. Kd3 Ke6 33. Rc1
Kd6 34. Rb1 Be5 35. g3 h5 36. f4 Bf6 37. Rb4 Rc8 38. Rb1 Rc4 39. Be3 Ra4 40.
Rb6+ Ke7 41. Bc5+ Kf7 42. Bb4 Rxa2 43. Bxc3 Bxc3 44. Kxc3 h4 45. a6 h3 46. Kb3
Ra1 47. Rd6 d4 48. Rh6 d3 49. Kc3 Ra3+ 50. Kd2 Ra2+ 51. Kxd3 Rxh2 52. a7 Ra2
53. Rh8 Ra3+ 54. Kd4 h2 55. Rxh2 Kg6 56. Rc2 Rxa7 57. Rc6+ Kh5 58. Ke5 Ra5+ 59.
Kf6 Kg4 60. Re6 Ra3 61. Re5 Ra6+ 62. Kg7 Ra7+ 63. Kf6 Ra6+ 64. Re6 Ra3 1/2-1/2

[Event "Miguel Najdorf Memorial"]
[Site "Buenos Aires"]
[Date "2001.09.11"]
[Round "7"]
[White "Short, Nigel"]
[Black "Xie, Jun"]
[Result "1/2-1/2"]
[WhiteElo "2664"]
[BlackElo "2553"]
[PlyCount "113"]
[EventDate "2001.09.04"]
[SourceDate "2001.09.03"]

1. e4 e5 2. Nf3 Nc6 3. Bb5 a6 4. Ba4 Nf6 5. O-O Be7 6. Re1 b5 7. Bb3 d6 8. h3
O-O 9. c3 h6 10. d4 Re8 11. Nbd2 Bf8 12. Nf1 Bb7 13. Ng3 Na5 14. Bc2 Nc4 15. b3
Nb6 16. Bd2 c5 17. Rc1 a5 18. a4 bxa4 19. bxa4 Ba6 20. Bb3 Nc4 21. Qc2 Nd7 22.
Qa2 Ndb6 23. Rcd1 Qc7 24. Bc1 cxd4 25. cxd4 exd4 26. Nxd4 d5 27. Qc2 Qc5 28.
Ndf5 Bb7 29. exd5 Rxe1+ 30. Rxe1 Qxd5 31. f3 Rd8 32. Kh2 Qc5 33. Nh5 Bc8 34.
Nxh6+ gxh6 35. Nf6+ Kg7 36. Qh7+ Kxf6 37. Bb2+ Rd4 38. Re4 Qc7+ 39. g3 Nxb2 40.
Rxd4 Nd5 41. Rxd5 Be6 42. Qe4 Bxd5 43. Qxd5 Bc5 44. h4 Kg7 45. f4 Qe7 46. Qd2
Qf6 47. Qd7 Be3 48. Qg4+ Qg6 49. Qd7 Bf2 50. Qh3 Nd3 51. h5 Qb6 52. Qg4+ Kf8
53. Qc8+ Ke7 54. Qc4 Bxg3+ 55. Kxg3 Qe3+ 56. Kg4 Qe2+ 57. Kh4 1/2-1/2

[Event "Miguel Najdorf Memorial"]
[Site "Buenos Aires"]
[Date "2001.09.11"]
[Round "7"]
[White "Felgaer, Ruben"]
[Black "Milos, Gilberto"]
[Result "1-0"]
[WhiteElo "2471"]
[BlackElo "2614"]
[PlyCount "119"]
[EventDate "2001.09.04"]
[SourceDate "2001.09.03"]

1. e4 c5 2. Nf3 e6 3. d4 cxd4 4. Nxd4 Nf6 5. Nc3 Nc6 6. g3 Qb6 7. Nb3 Bb4 8.
Bg2 Qa6 9. Qd3 b6 10. a3 Qxd3 11. cxd3 Bxc3+ 12. bxc3 Ne5 13. Kd2 Ba6 14. c4
Rc8 15. Nd4 Nfg4 16. f4 Nxd3 17. Kxd3 Nf2+ 18. Kd2 Nxh1 19. Bxh1 Rxc4 20. Bb2
Ke7 21. Bf3 Bb7 22. Be2 Rcc8 23. Bd3 d6 24. a4 Rhd8 25. Ba3 Kf6 26. Bxd6 Bxe4
27. Be5+ Ke7 28. Bxe4 f6 29. Ke2 fxe5 30. Nc6+ Rxc6 31. Bxc6 exf4 32. gxf4 Rc8
33. Be4 Rc5 34. Ke3 Rh5 35. Rc1 Kd6 36. Rc6+ Kd7 37. Rc2 g6 38. Kd4 Kd6 39. Bf3
Rf5 40. Ke4 Ra5 41. Rd2+ Ke7 42. Rd4 b5 43. Bd1 Kf6 44. axb5 Rxb5 45. Rd6 Rb2
46. h3 a5 47. Ra6 Rb1 48. Be2 Rb4+ 49. Ke3 Rb1 50. Bc4 Rh1 51. Rxe6+ Kf5 52.
Re5+ Kf6 53. Rxa5 Rxh3+ 54. Ke4 Rh1 55. Ra6+ Ke7 56. Bd5 Re1+ 57. Kd4 Kf8 58.
Ra7 Re7 59. Rxe7 Kxe7 60. Ke5 1-0

[Event "Miguel Najdorf Memorial"]
[Site "Buenos Aires"]
[Date "2001.09.11"]
[Round "7"]
[White "Mecking, Henrique"]
[Black "Ricardi, Pablo"]
[Result "1/2-1/2"]
[WhiteElo "2552"]
[BlackElo "2545"]
[PlyCount "30"]
[EventDate "2001.09.04"]
[SourceDate "2001.09.03"]

1. d4 Nf6 2. c4 e6 3. Nf3 Bb4+ 4. Bd2 Qe7 5. g3 Nc6 6. Bg2 Bxd2+ 7. Nbxd2 d6 8.
O-O e5 9. d5 Nb8 10. e4 a5 11. Ne1 h5 12. Nef3 O-O 13. b3 Na6 14. Ne1 c6 15.
Nd3 Bg4 1/2-1/2

[Event "Miguel Najdorf Memorial"]
[Site "Buenos Aires"]
[Date "2001.09.12"]
[Round "8"]
[White "Short, Nigel"]
[Black "Felgaer, Ruben"]
[Result "1-0"]
[WhiteElo "2670"]
[BlackElo "2471"]
[PlyCount "81"]
[EventDate "2001.09.04"]
[SourceDate "2001.09.03"]

1. e4 c5 2. Nf3 Nc6 3. d4 cxd4 4. Nxd4 g6 5. c4 Bg7 6. Be3 Nf6 7. Nc3 O-O 8.
Be2 d6 9. O-O Bd7 10. Nc2 a6 11. f3 Rc8 12. Rc1 Re8 13. Qd2 Qa5 14. Rfd1 Ne5
15. b4 Qd8 16. Na3 a5 17. b5 Be6 18. Na4 Nfd7 19. b6 Nc5 20. Nxc5 dxc5 21. Qxa5
Nd7 22. Nb5 Ra8 23. Qd2 Qxb6 24. f4 Nf6 25. Qc2 Bg4 26. e5 Bf5 27. Qb3 Ng4 28.
Bd2 h5 29. Bf3 Red8 30. Be1 f6 31. a4 fxe5 32. a5 Qf6 33. h3 exf4 34. hxg4 hxg4
35. Bxb7 Rxd1 36. Rxd1 Rf8 37. g3 f3 38. Qe3 Kh7 39. Rd2 Qa1 40. Rh2+ Kg8 41.
Bd5+ 1-0

[Event "Miguel Najdorf Memorial"]
[Site "Buenos Aires"]
[Date "2001.09.13"]
[Round "9"]
[White "Felgaer, Ruben"]
[Black "Xie, Jun"]
[Result "1/2-1/2"]
[WhiteElo "2471"]
[BlackElo "2553"]
[PlyCount "38"]
[EventDate "2001.09.04"]
[SourceDate "2001.09.03"]

1. e4 e5 2. Nf3 Nc6 3. Bc4 Nf6 4. d3 Bc5 5. c3 d6 6. O-O O-O 7. Bb3 a6 8. h3
Ba7 9. Be3 h6 10. Nbd2 Be6 11. Re1 Bxe3 12. Rxe3 d5 13. exd5 Nxd5 14. Re1 Nf4
15. Nxe5 Bxb3 16. Nxb3 Qg5 17. Qg4 Nxe5 18. Qxg5 Nf3+ 19. gxf3 Nxh3+ 1/2-1/2

[Event "Miguel Najdorf Memorial"]
[Site "Buenos Aires"]
[Date "2001.09.13"]
[Round "9"]
[White "Mecking, Henrique"]
[Black "Short, Nigel"]
[Result "1/2-1/2"]
[WhiteElo "2552"]
[BlackElo "2670"]
[PlyCount "40"]
[EventDate "2001.09.04"]
[SourceDate "2001.09.03"]

1. d4 e6 2. Nf3 c5 3. g3 cxd4 4. Nxd4 Qb6 5. Bg2 Bc5 6. e3 Nf6 7. Nb3 Be7 8. c4
Qc7 9. Qe2 d6 10. Nc3 a6 11. e4 Nbd7 12. O-O O-O 13. Be3 Ne5 14. Nd2 Neg4 15.
Bf4 e5 16. Bg5 h6 17. Bxf6 Nxf6 18. Rfc1 Qb6 19. Nf1 Be6 20. Ne3 Rfc8 1/2-1/2

[Event "Miguel Najdorf Memorial"]
[Site "Buenos Aires"]
[Date "2001.09.13"]
[Round "9"]
[White "Korchnoi, Viktor"]
[Black "Milos, Gilberto"]
[Result "1/2-1/2"]
[WhiteElo "2617"]
[BlackElo "2614"]
[PlyCount "155"]
[EventDate "2001.09.04"]
[SourceDate "2001.09.03"]

1. c4 Nf6 2. Nc3 e6 3. Nf3 Bb4 4. g3 O-O 5. Bg2 Re8 6. Qb3 a5 7. d4 d5 8. O-O
Nc6 9. Rd1 a4 10. Nxa4 dxc4 11. Qc2 Qd5 12. Nc3 Qh5 13. Bg5 Nd5 14. e4 Nb6 15.
e5 Be7 16. Bxe7 Nxe7 17. Nh4 Ned5 18. b3 cxb3 19. axb3 Nb4 20. Qd2 Rxa1 21.
Rxa1 Rd8 22. Ne4 N4d5 23. Ra7 Nd7 24. Bf3 Qh6 25. Qxh6 gxh6 26. Bg2 Kf8 27. Ra1
Ke7 28. Rc1 b6 29. Nd2 Bb7 30. Bxd5 Bxd5 31. Rxc7 Ra8 32. Kf1 Ra2 33. Ke1 b5
34. Kd1 Kd8 35. Rc2 Ra3 36. Rc3 Nb8 37. Kc1 Nc6 38. Kb2 Ra5 39. Rc5 Nb4 40. Kb1
Nd3 41. Rc3 Nxf2 42. Rc2 Ra7 43. Rc5 b4 44. Rb5 Ne4 45. Nxe4 Bxe4+ 46. Kb2 Rb7
47. Rc5 Kd7 48. Rc1 Ke7 49. Re1 Bd5 50. Rc1 Ra7 51. Re1 Rc7 52. Re3 f5 53.
exf6+ Kxf6 54. Kb1 h5 55. h3 Rc8 56. Kb2 Kg7 57. Re5 Rc3 58. Nf5+ Kf6 59. Ne3
Bxb3 60. g4 h4 61. g5+ Kf7 62. Re4 Rd3 63. Re5 Ke7 64. Nf5+ Kd7 65. Re3 Rxe3
66. Nxe3 Bd5 67. Nxd5 exd5 68. Kb3 Ke6 69. Kxb4 Kf5 70. Kb5 Kf4 71. Kc6 Kg3 72.
Kxd5 Kxh3 73. Ke5 Kg4 74. d5 h3 75. d6 h2 76. d7 h1=Q 77. d8=Q Qe1+ 78. Kf6
1/2-1/2